K pôsobnosti ECB v oblasti regulácie a dohľadu nad obozretným podnikaním finančných inštitúcií pred návrhom na vytvorenie bankovej únie

Európska centrálna banka vykonáva svoje právomoci v oblasti menovej politiky. Popritom jej však európske právo priznáva aj čiastočné kompetencie vo sfére regulácie a dohľadu nad finančnými inštitúciami. Stručná analýza súčasných možností ECB v oblasti dohľadu nad obozretným podnikaním subjektov fina...

Descrizione completa

Salvato in:
Dettagli Bibliografici
Autore principale: Pénzeš, Peter
Natura: Capitolo di libro
Lingua:slovacco
Soggetti:
Tags: Aggiungi Tag
Nessun Tag, puoi essere il primo ad aggiungerne!!

MARC

LEADER 00000naa a2200000 4500
001 0161738
005 20231116091703.7
041 0 |a slo 
044 |a SK 
245 1 0 |a K pôsobnosti ECB v oblasti regulácie a dohľadu nad obozretným podnikaním finančných inštitúcií pred návrhom na vytvorenie bankovej únie  |c Peter Pénzeš 
520 |a Európska centrálna banka vykonáva svoje právomoci v oblasti menovej politiky. Popritom jej však európske právo priznáva aj čiastočné kompetencie vo sfére regulácie a dohľadu nad finančnými inštitúciami. Stručná analýza súčasných možností ECB v oblasti dohľadu nad obozretným podnikaním subjektov finančného trhu a snahy o ich rozšírenie v nedávnej minulosti. Sumarizácia argumentov, ktoré boli prezentované v prospech aj neprospech takéhoto riešenia. 
610 2 0 |a inštitúcie finančné 
610 2 0 |a regulácia finančná 
610 2 0 |a dohľad bankový 
610 2 0 |a podnikanie obozretné 
610 2 0 |a Európska centrálna banka 
610 2 0 |a právo európske 
100 1 |a Pénzeš, Peter